Let`s Learn: (Record no. 13418)
[ view plain ]
| 000 -LEADER | |
|---|---|
| fixed length control field | 00529nam a2200217 a 4500 |
| 001 - CONTROL NUMBER | |
| JCCL Control Number | 13418 |
| 003 - CONTROL NUMBER IDENTIFIER | |
| JCCL marc code | BD-JhCC |
| 005 - DATE AND TIME OF LATEST TRANSACTION | |
| control field | 20231008133340.0 |
| 008 - FIXED-LENGTH DATA ELEMENTS--GENERAL INFORMATION | |
| fixed length control field | 230917b20152021bg |||| ||a| 000 0 e d |
| 020 ## - INTERNATIONAL STANDARD BOOK NUMBER | |
| International Standard Book Number | 9789849196785 |
| 035 ## - SYSTEM CONTROL NUMBER | |
| system control number | (BD-JhCC)13418 |
| 040 ## - CATALOGING SOURCE | |
| Original cataloging agency | BD-JhCC |
| Modifying agency | BD-JhCC |
| 041 ## - LANGUAGE CODE | |
| Language code of Book | English |
| 082 ## - DEWEY DECIMAL CLASSIFICATION NUMBER | |
| Author mark and Year | 891.1 GIA 2021 |
| 100 ## - MAIN ENTRY--PERSONAL NAME | |
| Personal name | Gias,Ahmed |
| 245 ## - TITLE STATEMENT | |
| Title | Let`s Learn: |
| Remainder of title | Aesop`s Fables -1 / |
| Statement of responsibility, etc | Ahmed Gias. |
| 260 ## - PUBLICATION, DISTRIBUTION, ETC. (IMPRINT) | |
| Place of publication, distribution, etc | Dhaka: |
| Name of publisher, distributor, etc | Duck; |
| Date of publication, distribution, etc | 2021. |
| 300 ## - PHYSICAL DESCRIPTION | |
| Pagination | 96 p. : |
| Dimensions | 18 cm. |
| 942 ## - ADDED ENTRY ELEMENTS (KOHA) | |
| Source of classification or shelving scheme | Dewey Decimal Classification |
| Koha item type | Books |
| Source of classification or shelving scheme | Damaged status | Not for loan | Home library | Current library | Shelving location | Date of accession | Cost, normal purchase price | Full call number | Barcode | Date last seen | Copy number | Method of acquisition | Koha item type | Currency | Total Checkouts | Checked out | Date checked out |
|---|---|---|---|---|---|---|---|---|---|---|---|---|---|---|---|---|---|
| Dewey Decimal Classification | JCC Rouf Library | JCC Rouf Library | General Stacks | 400.00 | 891.1 GIA 2021 | 18441 | 09/17/2023 | C-1 | Purchase | Books | BDT | ||||||
| Dewey Decimal Classification | JCC Rouf Library | JCC Rouf Library | General Stacks | 10/08/2023 | 400.00 | 891.1 GIA 2021 | 18442 | 07/31/2025 | C-2 | Purchase | Books | BDT | 1 | 09/04/2025 | 07/31/2025 |